000 00305nam a2200133Ia 4500
005 20251222155118.0
008 251222s9999||||xx |||||||||||||| ||spa||
082 _aMIC. 17
100 _aSMITH, Alice.
245 0 _aFundamentos de MicrobiologĂ­a
250 _a1ra. ed.
264 _bEUNSA
942 _cLIB
999 _c38310
_d38310